000 00273nam a2200121 a 4500
008 100917s1965|||| d
245 1 0 _aElias Portolu
100 1 _aDeledda, Grazia
260 _bSVKL
_aBratislava
_c1965
020 _c9,50
044 _axo
_cSK
041 _aslo
999 _c10463
_d10463